Click the Country's Largest Neighbour - Statistics

General Stats
  • This quiz has been taken 2,679 times
  • The average score is 12 of 15
Answer Stats
Hint Answer % Correct
Iraq Iran
94%
Andorra France
92%
Morocco Algeria
88%
Uruguay Brazil
87%
Nepal China
85%
Angola D.R.Congo
85%
Estonia Russia
85%
Panama Colombia
84%
Djibouti Ethiopia
84%
Albania Greece
83%
Croatia Hungary
78%
Indonesia Papua New Guinea
76%
Brunei Malaysia
74%
Thailand Myanmar
74%
Ecuador Peru
60%
No matching quizzes found
Score Distribution
Percent of People with Each Score
Percentile by Number Answered
Your Score History
You have not taken this quiz